01189nam a2200325 u 450000100070000000500170000700800410002403500110006504000130007604100080008908200080009710000480010524501090015326000430026230000110030530000080031665000340032465000420035865000360040065000370043665000730047370000520054670000480059870000480064694200100069499900190070450200120072352600080073595201200074358028620260506084409.0000215s1999 ||||||m| spa  a580286 ccomduadb aspa 4a62110aOspina Henao, Luis Carlos4auteaut949942513aEl sistema de control interno en la Corporacion Autonoma Regional del Centro de Antioquia "Corantioquia" aMedellín :b[sin publicador],c1999. a182p.  ail. 7aControl interno2embne921008 7aCultura organizacional2armarc931498 aOrganización y métodos9991 aProcedimientos de trabajo915126 aCorantioquia (Corporación Autónoma Regional de Antioquia)95997410aMarulanda Usma, Yeni Patricia4auteaut930272110aToro Quintero, Hectaliber4auteaut930272210aTorres Correa, Jacqueline4auteaut9499426 cTESIS c149085d149085 b174c17 a176 001040708TESISBCaBCbBCd2000-02-15iC622557l0o621.7 S623p0756924r2023-04-22 00:00:00t1w2023-04-22yTESIS